Walking on awashing line (Record no. 1112658)

MARC details
000 -LEADER
fixed length control field 00857nam a2200277Ia 4500
003 - CONTROL NUMBER IDENTIFIER
control field OSt
005 - DATE AND TIME OF LATEST TRANSACTION
control field 20221006160205.0
008 - FIXED-LENGTH DATA ELEMENTS--GENERAL INFORMATION
fixed length control field 221006b |||||||| |||| 00| 0 eng d
020 ## - INTERNATIONAL STANDARD BOOK NUMBER
International Standard Book Number 9781933947501
-- 9.00
037 ## - SOURCE OF ACQUISITION
Terms of availability Textual
040 ## - CATALOGING SOURCE
Original cataloging agency EASL
Transcribing agency EASL
Language of cataloging eng
041 ## - LANGUAGE CODE
Source of code eng
Language code of text/sound track or separate title eng
100 ## - MAIN ENTRY--PERSONAL NAME
Personal name Anthony brother,etc.
9 (RLIN) 672319
245 #0 - TITLE STATEMENT
Title Walking on awashing line
Remainder of title Poems of Kim seung-hee
260 ## - PUBLICATION, DISTRIBUTION, ETC.
Place of publication, distribution, etc. Ithaca
Name of publisher, distributor, etc. East Asian Program Cornell University
Date of publication, distribution, etc. 2011
300 ## - PHYSICAL DESCRIPTION
Extent 272p.
Dimensions cm.
490 ## - SERIES STATEMENT
Volume/sequential designation KEL
Series statement Cornell East Asian series No.150
500 ## - GENERAL NOTE
General note Bilingual - English - Korean
650 ## - SUBJECT ADDED ENTRY--TOPICAL TERM
Topical term or geographic name entry element KEL
942 ## - ADDED ENTRY ELEMENTS (KOHA)
Classification part O495,1N68, Q1
Koha item type Textual
Source of classification or shelving scheme Colon Classification (CC)
Holdings
Withdrawn status Lost status Source of classification or shelving scheme Damaged status Not for loan Home library Current library Date acquired Source of acquisition Serial Enumeration / chronology Total Checkouts Full call number Barcode Date last seen Price effective from Koha item type
          Department of East Asian Studies Library Department of East Asian Studies Library 2022-10-06 Gift, Korean Embassy KEL   O495,1N68 Q1 EA1397319 2022-10-06 2022-10-06 Textual
Copyright @ Delhi University Library System